El juego como estrategia didáctica
Guardat en:
| Autors principals: | , , |
|---|---|
| Format: | Llibre |
| Idioma: | espanyol |
| Publicat: |
Caracas
Laboratorio Educativo
2008
Barcelona Graó 2008 |
| Edició: | 1a. ed |
| Col·lecció: | Claves para la Innovación Educativa, 44
|
| Matèries: | |
| Etiquetes: |
Afegir etiqueta
Sense etiquetes, Sigues el primer a etiquetar aquest registre!
|
MARC
| LEADER | 00000cam a2200000 a 4500 | ||
|---|---|---|---|
| 001 | UCG3555 | ||
| 003 | CL-VaPUC | ||
| 008 | 100902e20080500ve |||||||||||||||||spa|d | ||
| 020 | |a 9789802511921 | ||
| 020 | |a 9788478276332 | ||
| 082 | 0 | 4 | |a 371.337 |b BAÑ |2 21 |
| 100 | 0 | |a Bañeres, Domènec |e author |9 552778 | |
| 700 | 0 | |a Bishop, Alan J |e author |9 312 | |
| 700 | 0 | |a Cardona, María Claustre |e author |9 552779 | |
| 245 | 1 | 3 | |a El juego como estrategia didáctica |
| 250 | |a 1a. ed | ||
| 300 | |a 130 p | ||
| 942 | |c BK | ||
| 945 | |d 20100902 00:00:00 |a mfarfan | ||
| 260 | |a Caracas |b Laboratorio Educativo |c 2008 | ||
| 260 | |a Barcelona |b Graó |c 2008 | ||
| 650 | 7 | |a JUEGOS DIDACTICOS |2 CL-VaPUC |9 372975 | |
| 650 | 0 | |a Métodos de enseñanza |9 270413 | |
| 650 | 0 | |a Juegos educativos |9 307366 | |
| 650 | 0 | |a Enseñanza |9 256457 | |
| 583 | |a last modification |c 20171110 02:09:58 |k Rodrigo Vera | ||
| 490 | 0 | |a Claves para la Innovación Educativa, 44 | |
| 999 | |c 342609 |d 342607 | ||
| 952 | |0 0 |1 0 |4 0 |6 371_337000000000000_BAÑ_2008_2008 |7 0 |8 A |9 438978 |a BIBEDU |b BIBEDU |d 2019-11-22 |i 471654K |l 3 |m 8 |o 371.337 BAÑ 2008 2008 |p 471654K |q 2025-05-12 |r 2025-04-29 |s 2025-04-29 |w 2019-11-22 |y BK |k PAR | ||